|
|
|
|
| LEADER |
00000nab a2200000 a 4500 |
| 001 |
vtls010063421 |
| 003 |
SK-MaSNL |
| 005 |
20260318122233.0 |
| 008 |
100210c2009 xo r m 000 00ger |
| 015 |
|
|
|a SNBRA2010/02SVKPO
|
| 038 |
|
|
|a SVKPO
|
| 040 |
|
|
|a SVKPOCL
|c slo
|e AACR2
|
| 041 |
0 |
|
|a ger
|
| 044 |
|
|
|a xo
|c SK
|
| 080 |
|
|
|a 37.01/.04:373.5(439)(091)
|2 2001
|
| 080 |
|
|
|a 372.811.112.2
|2 2001
|
| 080 |
|
|
|a 373.5(439)(091)
|2 2001
|
| 100 |
1 |
|
|a Kovács, Teofil
|4 aut
|9 1510552
|
| 245 |
1 |
4 |
|a Das debrecener reformierte Kollegium und die deutsche Sprache
|b Sprachstudium in zielsprachlicher Umgebung
|c Teofil Kovács
|
| 504 |
|
|
|a Bibliogr. odkazy
|
| 546 |
|
|
|a Res. nem.
|
| 610 |
2 |
7 |
|a Reformované kolégium (Debrecín, Maďarsko)
|2 svkpocl
|9 1510553
|
| 650 |
0 |
7 |
|a dejiny školstva
|z Maďarsko
|2 svkpocl
|9 1510554
|
| 650 |
0 |
7 |
|a reformované kolégiá
|z Debrecín (Maďarsko)
|2 svkpocl
|9 1510555
|
| 650 |
0 |
7 |
|a nemčina
|x vyučovanie
|2 svkpocl
|9 405872
|
| 651 |
|
7 |
|a Debrecín (Maďarsko)
|2 SNKPHgeo
|9 29795
|
| 651 |
|
7 |
|a Maďarsko
|x dejiny
|2 SNKPHgeo
|9 18630
|
| 773 |
0 |
|
|t "Nezameniteľné je dedičstvo otcov..." : štúdie k dejinám a súčasnosti protestantizmu v strednej Európe k osemdesiatym narodeninám biskupa Jána Midriaka / zostavil Peter Kónya
|d Prešov : Vydavateľstvo Prešovskej univerzity, 2009
|g S. 349-360
|z 9788080689926
|
| 852 |
|
|
|a SVKPO
|b KIS3GCP
|
| 958 |
|
|
|a SK
|
| 958 |
|
|
|a NB
|
| 958 |
|
|
|a NT
|
| 999 |
|
|
|c 3019268
|d 3021198
|